<?xml version="1.0" encoding="UTF-8"?>
<record
    xmlns:xsi="http://www.w3.org/2001/XMLSchema-instance"
    xsi:schemaLocation="http://www.loc.gov/MARC21/slim http://www.loc.gov/standards/marcxml/schema/MARC21slim.xsd"
    xmlns="http://www.loc.gov/MARC21/slim">

  <leader>01208nam a22002777a 4500</leader>
  <controlfield tag="005">20150706172554.0</controlfield>
  <controlfield tag="008">150706c2015    gw ||||| |||| 00| 0 ger d</controlfield>
  <datafield tag="040" ind1=" " ind2=" ">
    <subfield code="a">CO-BoIAVH</subfield>
    <subfield code="c">CO-BoIAVH</subfield>
  </datafield>
  <datafield tag="041" ind1=" " ind2=" ">
    <subfield code="a">ger</subfield>
  </datafield>
  <datafield tag="044" ind1=" " ind2=" ">
    <subfield code="a">gx</subfield>
  </datafield>
  <datafield tag="090" ind1=" " ind2=" ">
    <subfield code="a">AR</subfield>
  </datafield>
  <datafield tag="100" ind1="1" ind2=" ">
    <subfield code="a">Gandl, Josef</subfield>
    <subfield code="9">35228</subfield>
  </datafield>
  <datafield tag="245" ind1="1" ind2=" ">
    <subfield code="a">Trilobiten aus dem Unter-Karbon Des Katalonischen K&#x3CB;stengebirges</subfield>
    <subfield code="b">(Ne-Spanien)</subfield>
  </datafield>
  <datafield tag="260" ind1="1" ind2=" ">
    <subfield code="a">Alemania:</subfield>
    <subfield code="b"> Mossbrugger, Volker,</subfield>
    <subfield code="c">2015.</subfield>
  </datafield>
  <datafield tag="300" ind1=" " ind2=" ">
    <subfield code="a">Pp. 1-82</subfield>
  </datafield>
  <datafield tag="520" ind1=" " ind2=" ">
    <subfield code="a">El presente trabajo se describen los trilobites de cuatro localidades distintas del Carbon&#xED;fero inferior de las Cadenas Costeras Catalanas. Dos de ellas, Aiguafreda y C&#xE1;noves, est&#xE1;n situadas al norte de Barcelona y en los flancos occidental y meridional de macizo del Montseny (Cadena Prelitoral).</subfield>
  </datafield>
  <datafield tag="650" ind1=" " ind2="4">
    <subfield code="a">Cadenas Costeras</subfield>
    <subfield code="z">Catalu&#xF1;a</subfield>
    <subfield code="9">35261</subfield>
  </datafield>
  <datafield tag="650" ind1=" " ind2="4">
    <subfield code="a">Trilobites</subfield>
    <subfield code="9">33873</subfield>
  </datafield>
  <datafield tag="650" ind1=" " ind2="4">
    <subfield code="a">Bioestratigraf&#xED;a</subfield>
    <subfield code="9">33872</subfield>
  </datafield>
  <datafield tag="650" ind1=" " ind2="4">
    <subfield code="a">Cyrtosymbolainae</subfield>
    <subfield code="9">35230</subfield>
  </datafield>
  <datafield tag="700" ind1="1" ind2=" ">
    <subfield code="a">Ferrer, Enric</subfield>
    <subfield code="9">35232</subfield>
  </datafield>
  <datafield tag="700" ind1="1" ind2=" ">
    <subfield code="a">Magrans, Josep</subfield>
    <subfield code="9">35233</subfield>
  </datafield>
  <datafield tag="700" ind1="1" ind2=" ">
    <subfield code="a">Sanz L&#xF3;pez,  Javier</subfield>
    <subfield code="9">35234</subfield>
  </datafield>
  <datafield tag="773" ind1="0" ind2=" ">
    <subfield code="a">Senckenberg Gesellschaft f&#xFC;r Naturforschung</subfield>
    <subfield code="d">Alemania: Mossbrugger, Volker, 2009-.</subfield>
    <subfield code="o">039030</subfield>
    <subfield code="t">Abhandlungen </subfield>
    <subfield code="x">18680356</subfield>
  </datafield>
  <datafield tag="942" ind1=" " ind2=" ">
    <subfield code="2">z</subfield>
    <subfield code="c">ARTICULO</subfield>
  </datafield>
  <datafield tag="999" ind1=" " ind2=" ">
    <subfield code="c">17525</subfield>
    <subfield code="d">17525</subfield>
  </datafield>
</record>
